[Event "Tally Ho! let's lose rating points"]
[Site "SchemingMind.com"]
[Date "2020.03.16"]
[Round "-"]
[White "Goz"]
[Black "Kenny Elliott"]
[Result "0-1"]
[WhiteCountry "ENG"]
[BlackCountry "USA"]
[WhiteElo "1508"]
[WhiteRD "72"]
[BlackElo "1635"]
[BlackRD "63"]
[GameID "452417"]

1. e4 e5 2. f4 exf4 3. Nf3 g5 4. Bc4 d6 5. d3 g4 6. Bxf4 gxf3 7. Qxf3 Be6 8. Bxe6 fxe6 9. Qh5+ Kd7 10. Nd2 Bg7
11. c3 Nf6 12. Qb5+ Kc8 13. Nb3 c6 14. Qc4 d5 15. exd5 exd5 16. Qc5 Nbd7 17. Qf2 Re8+ 18. Kd2 b6 19. Rae1 Kb7 20. Re2 Rxe2+
21. Qxe2 Qf8 22. Rf1 Re8 23. Qf2 Bh6 24. g3 Ng4 25. Qg2 Bxf4+ 26. Rxf4 Qh6 27. h4 Nde5 28. Kc2 Nc4 29. Qf3 Nce3+ 30. Kb1 Qg6
31. Rd4 Nh2 32. Qf2 Nhg4 33. Qg1 h5 34. Nc1 Nc4 35. Ka1 Nd6 36. a4 Qe6 37. Ka2 c5 38. Rf4 d4+ 39. c4 Qe1 40. Rf1 Qb4
41. b3 Nxc4 42. Qg2+ Ka6 43. dxc4 Ne3 44. Qc6 Qd2+ 45. Kb1 Nxf1 46. Qb5+ Kb7 47. Qxe8 Qb4 48. Qxh5 Nd2+ 49. Ka2 Qc3 50. Qd1 d3
51. h5 Ne4 52. g4 d2 53. h6 Qxc1 54. Qxc1 dxc1=Q 55. h7 Nc3#
0-1

[Event "Tally Ho! let's lose rating points"]
[Site "SchemingMind.com"]
[Date "2020.03.16"]
[Round "-"]
[White "Phillip Beckett"]
[Black "Goz"]
[Result "1/2-1/2"]
[WhiteCountry "ENG"]
[BlackCountry "ENG"]
[WhiteElo "1517"]
[WhiteRD "50"]
[BlackElo "1549"]
[BlackRD "81"]
[GameID "452418"]

1. e4 e5 2. f4 d6 3. Nf3 exf4 4. Bc4 Be6 5. Bxe6 fxe6 6. e5 d5 7. d4 g5 8. O-O Nc6 9. h4 gxh4 10. Bxf4 Be7
11. Ng5 Bxg5 12. Qh5+ Kd7 13. Bxg5 Nge7 14. Qxh4 Qe8 15. Bxe7 Qxe7 16. Qxe7+ Kxe7 17. c3 Rag8 18. Nd2 h5 19. Rf6 Kd7 20. Raf1 h4
21. Rf7+ Ne7 22. Kf2 h3 23. gxh3 Rxh3 24. Ke1 Ke8 25. R7f3=
1/2-1/2

[Event "Tally Ho! let's lose rating points"]
[Site "SchemingMind.com"]
[Date "2020.03.15"]
[Round "-"]
[White "Goz"]
[Black "Randy Bahr"]
[Result "0-1"]
[WhiteCountry "ENG"]
[BlackCountry "USA"]
[WhiteElo "1526"]
[WhiteRD "73"]
[BlackElo "1722"]
[BlackRD "68"]
[GameID "452419"]

1. e4 e5 2. f4 exf4 3. Nf3 g5 4. h3 d6 5. d3 Nc6 6. Nbd2 h6 7. Nb3 Nf6 8. Bd2 Be6 9. Nbd4 Nxd4 10. Nxd4 Qd7
11. Nxe6 fxe6 12. Bc3 e5 13. Be2 O-O-O 14. Qd2 Kb8 15. O-O-O Bg7 16. Kb1 h5 17. Bf3 g4 18. Be2 Bh6 19. Qe1 Qe6 20. Qg1 Rdg8
21. hxg4 hxg4 22. g3 f3 23. Bf1 Be3 24. Qxe3 Rxh1 25. b3 Rgh8 26. Qg5 Nh5 27. d4 Nxg3 28. dxe5 Nxe4 29. Qe3 Nxc3+ 30. Kc1 Nxd1
31. Kxd1 Qxe5 32. Qf2 Qe2+ 33. Qxe2 fxe2+ 34. Kxe2 R8h2+
0-1

[Event "Tally Ho! let's lose rating points"]
[Site "SchemingMind.com"]
[Date "2020.03.16"]
[Round "-"]
[White "Siets"]
[Black "Goz"]
[Result "1-0"]
[WhiteCountry "NED"]
[BlackCountry "ENG"]
[WhiteElo "1775"]
[WhiteRD "89"]
[BlackElo "1526"]
[BlackRD "73"]
[GameID "452420"]

1. e4 e5 2. f4 d6 3. d3 Nc6 4. f5 Nf6 5. Nc3 Nd4 6. Be3 c5 7. h3 Be7 8. g4 O-O 9. Bxd4 cxd4 10. Nce2 Qa5+
11. Kf2 Nd7 12. Nf3 Nf6 13. Ng3 b5 14. g5 Nd7 15. Nh5 Nc5 16. Nxg7 Kxg7 17. f6+ Bxf6 18. gxf6+ Kxf6 19. Rg1 Be6 20. a3 Na4
21. b4 Qc7 22. Ng5 Rh8 23. Qh5 Qxc2+ 24. Be2 Ke7 25. Rac1 Qd2 26. Nxe6 Kxe6 27. Qg4+ Ke7 28. Rc7+ Kf8 29. Qg7+
1-0

[Event "Tally Ho! let's lose rating points"]
[Site "SchemingMind.com"]
[Date "2020.03.16"]
[Round "-"]
[White "Randy Bahr"]
[Black "Siets"]
[Result "1-0"]
[WhiteCountry "USA"]
[BlackCountry "NED"]
[WhiteElo "1679"]
[WhiteRD "76"]
[BlackElo "1838"]
[BlackRD "114"]
[GameID "452421"]

1. e4 e5 2. f4 d6 3. Nc3 g5 4. f5 Nf6 5. d3 Nc6 6. Bxg5 Be7 7. Nf3 h6 8. Bxf6 Bxf6 9. Nd5 Bg7 10. Qd2 f6
11. c3 Ne7 12. Nxe7 Qxe7 13. Nh4 Qd7 14. Be2 h5 15. Ng6 Rh7 16. h4 Bh6 17. Qd1 Kd8 18. Bxh5 c5 19. O-O d5 20. Qb3 Be3+
21. Kh1 Rxh5 22. Rf3 Bh6 23. g4 Rxh4+ 24. Nxh4 Qh7 25. Qxd5+ Bd7 26. Kg2 Bf4 27. Rh1 Kc7 28. Qxc5+ Bc6 29. Ng6 Qg8 30. Rh8 Qxh8
31. Nxh8 Rxh8 32. Rh3
1-0